El pez arco iris al rescate! / (Record no. 17691)

MARC details
000 -LEADER
fixed length control field 01750cam a2200469 a 4500
001 - CONTROL NUMBER
control field sjds1105224
003 - CONTROL NUMBER IDENTIFIER
control field sjds
005 - DATE AND TIME OF LATEST TRANSACTION
control field 20170624100153.0
008 - FIXED-LENGTH DATA ELEMENTS--GENERAL INFORMATION
fixed length control field 950816s1996 nyua j 000 1 spa
010 ## - LIBRARY OF CONGRESS CONTROL NUMBER
LC control number 95038530
020 ## - INTERNATIONAL STANDARD BOOK NUMBER
International Standard Book Number 1558585583 (hard)
020 ## - INTERNATIONAL STANDARD BOOK NUMBER
International Standard Book Number 9781558585584 (hard)
035 ## - SYSTEM CONTROL NUMBER
System control number 154001
035 ## - SYSTEM CONTROL NUMBER
System control number (OCoLC)33078618
035 ## - SYSTEM CONTROL NUMBER
System control number 154001
040 ## - CATALOGING SOURCE
Original cataloging agency DLC
Transcribing agency DLC
Modifying agency CGP
-- IFA
-- UtOrBLW
041 1# - LANGUAGE CODE
Language code of text/sound track or separate title spa
Language code of original eng
-- ger
049 ## - LOCAL HOLDINGS (OCLC)
Holding library IFAA
099 ## - LOCAL FREE-TEXT CALL NUMBER (OCLC)
Classification number ESPANOL PICTURE BOOKS PFISTER
999 ## - SYSTEM CONTROL NUMBERS (KOHA)
Koha Dewey Subclass [OBSOLETE] ESPANOL PICTURE BOOKS PFISTER
100 1# - MAIN ENTRY--PERSONAL NAME
Personal name Pfister, Marcus,
Relator term author.
240 10 - UNIFORM TITLE
Uniform title <a href="Regenbogenfisch hilft einen Fremdling.">Regenbogenfisch hilft einen Fremdling.</a>
Language of a work Spanish
245 13 - TITLE STATEMENT
Title El pez arco iris al rescate! /
Statement of responsibility, etc. Marcus Pfister ; traducido por Guillermo Gutierrez.
250 ## - EDITION STATEMENT
Edition statement First Spanish language edition.
260 ## - PUBLICATION, DISTRIBUTION, ETC. (IMPRINT)
Place of publication, distribution, etc. New York :
Name of publisher, distributor, etc. Ediciones Norte-Sur ;
-- Distributed in the U.S. by North-South Books,
Date of publication, distribution, etc. 1996.
264 #1 - PRODUCTION, PUBLICATION, DISTRIBUTION, MANUFACTURE, AND COPYRIGHT NOTICE
Place of production, publication, distribution, manufacture New York :
Name of producer, publisher, distributor, manufacturer Ediciones Norte-Sur,
Date of production, publication, distribution, manufacture, or copyright notice 1996.
264 #2 - PRODUCTION, PUBLICATION, DISTRIBUTION, MANUFACTURE, AND COPYRIGHT NOTICE
Name of producer, publisher, distributor, manufacturer Distributed in the U.S. by North-South Books.
300 ## - PHYSICAL DESCRIPTION
Extent 1 volume (unpaged) :
Other physical details color illustrations ;
Dimensions 30 cm
336 ## - CONTENT TYPE
Content type term text
Content type code txt
Source rdacontent
337 ## - MEDIA TYPE
Media type term unmediated
Media type code n
Source rdamedia
338 ## - CARRIER TYPE
Carrier type term volume
Carrier type code nc
Source rdacarrier
520 ## - SUMMARY, ETC.
Summary, etc. Although his friends want to ignore the new striped fish in their midst, Rainbow Fish must decide whether to help him when a shark attacks.
526 0# - STUDY PROGRAM INFORMATION NOTE
Program name Accelerated Reader
Interest level LG
Reading level 3.7
Title point value 0.5
Public note 16646SP
650 #0 - SUBJECT ADDED ENTRY--TOPICAL TERM
Topical term or geographic name as entry element Fishes
Form subdivision Juvenile fiction.
650 #0 - SUBJECT ADDED ENTRY--TOPICAL TERM
Topical term or geographic name as entry element Sharks
Form subdivision Juvenile fiction.
650 #0 - SUBJECT ADDED ENTRY--TOPICAL TERM
Topical term or geographic name as entry element Friendship
Form subdivision Juvenile fiction.
650 #7 - SUBJECT ADDED ENTRY--TOPICAL TERM
Topical term or geographic name as entry element Peces
Form subdivision Novela juvenil.
Source of heading or term bidex
650 #7 - SUBJECT ADDED ENTRY--TOPICAL TERM
Topical term or geographic name as entry element Tiburones
Form subdivision Novela juvenil.
Source of heading or term bidex
650 #7 - SUBJECT ADDED ENTRY--TOPICAL TERM
Topical term or geographic name as entry element Amistad
Form subdivision Novela juvenil.
Source of heading or term bidex
700 1# - ADDED ENTRY--PERSONAL NAME
Personal name GutiƩrrez, Guillermo.
942 ## - ADDED ENTRY ELEMENTS (KOHA)
Koha item type Libro/Book
Holdings
Withdrawn status Lost status Source of classification or shelving scheme Damaged status Not for loan Home library Current library Date acquired Total Checkouts Barcode Date last seen Price effective from Koha item type
    Dewey Decimal Classification     Genizero -- Satellite Genizero -- Satellite 24/06/2017   35601532 24/06/2017 24/06/2017 Libro/Book

Powered by Koha